| 000 | 00647nam a2200181 i 4500 | ||
|---|---|---|---|
| 001 | 74564 | ||
| 003 | ES-MaACL | ||
| 005 | 20230906172154.0 | ||
| 007 | t| | ||
| 008 | 040920s1966 sp ||||1| spa d | ||
| 100 | 1 |
_aGould, Douglas P. _959331 |
|
| 245 | 1 | 0 |
_aMarketing para conseguir beneficio / _cDouglas P. Gould ; prólogo y supervisión de J. Ignacio Marcos Lecuona ; [traducción de Federico G. de Góncer]. |
| 260 |
_aBarcelona : _bHispano Europea, _c[1966] |
||
| 300 |
_aVI, 187 p. : _bil. ; _c22 cm. |
||
| 700 | 1 |
_aMarcos Lecuona, J. Ignacio. _976533 |
|
| 700 | 1 |
_aGóncer, Federico G. de. _958227 |
|
| 852 |
_aES-MaACL _jC-29764 _bR.60247 |
||
| 999 |
_c74564 _d74564 |
||